Out of order (Record no. 22955)
[ view plain ]
| 000 -LEADER | |
|---|---|
| fixed length control field | 00699cam a22002295a 4500 |
| 001 - CONTROL NUMBER | |
| control field | 12204690 |
| 005 - DATE AND TIME OF LATEST TRANSACTION | |
| control field | 20161102132704.0 |
| 008 - FIXED-LENGTH DATA ELEMENTS--GENERAL INFORMATION | |
| fixed length control field | 140731t2015 caua fr 001 0 eng d |
| 020 ## - INTERNATIONAL STANDARD BOOK NUMBER | |
| International Standard Book Number | 9780321951601 |
| 020 ## - INTERNATIONAL STANDARD BOOK NUMBER | |
| International Standard Book Number | 0321951603 |
| 082 04 - DEWEY DECIMAL CLASSIFICATION NUMBER | |
| Classification number | 777.55 |
| Edition number | 22 |
| Item number | HOC |
| 100 1# - MAIN ENTRY--PERSONAL NAME | |
| Personal name | Hockrow, Ross. |
| 245 10 - TITLE STATEMENT | |
| Title | Out of order |
| Remainder of title | storytelling techniques for video and cinema editors / |
| Statement of responsibility, etc | Ross Hockrow. |
| 260 ## - PUBLICATION, DISTRIBUTION, ETC. (IMPRINT) | |
| Place of publication, distribution, etc | California : |
| Name of publisher, distributor, etc | Peachpit Press, |
| Date of publication, distribution, etc | c.2015. |
| 300 ## - PHYSICAL DESCRIPTION | |
| Extent | xvi, 222p. : |
| Other physical details | ill. ; |
| Dimensions | 23 cm. |
| 500 ## - GENERAL NOTE | |
| General note | Index : p. 213-222. |
| 590 ## - LOCAL NOTE (RLIN) | |
| Local note | Sameh |
| 650 #7 - SUBJECT ADDED ENTRY--TOPICAL TERM | |
| Topical term or geographic name as entry element | Motion pictures |
| General subdivision | Editing. |
| Source of heading or term | BUEsh |
| 9 (RLIN) | 13884 |
| 650 #7 - SUBJECT ADDED ENTRY--TOPICAL TERM | |
| Topical term or geographic name as entry element | Motion picture authorship. |
| Source of heading or term | BUEsh |
| 653 ## - INDEX TERM--UNCONTROLLED | |
| Resource For college | Informatics and Computer Science |
| Arrived date list | November2016 |
| 942 ## - ADDED ENTRY ELEMENTS (KOHA) | |
| Source of classification or shelving scheme | Dewey Decimal Classification |
| Withdrawn status | Item status | Source of classification or shelving scheme | Damaged status | Not for loan | Vendor | Home library | Current library | Shelving location | Date acquired | Source of acquisition | Cost, normal purchase price | Serial Enumeration / chronology | Total Checkouts | Total Renewals | Full call number | Barcode | Date last seen | Date last borrowed | Cost, replacement price | Koha item type |
|---|---|---|---|---|---|---|---|---|---|---|---|---|---|---|---|---|---|---|---|---|
| Dewey Decimal Classification | Baccah | Central Library | Central Library | Second Floor | 01/11/2016 | Purchase | 440.00 | 3643 | 3 | 90 | 777.55 HOC | 000034249 | 15/07/2025 | 28/11/2020 | 550.00 | Book - Borrowing |